00423nam a2200121Ia 45000010005000000080041000050820022000461000061000682450082001292600048002119010027002599990015002863046241024s9999 xx 000 0 und d aRD/374.07/R426s/1 aRepública Dominicana.Ministerio de Educación. MINERD 0aSistema Nacional de Evaluación de los Aprendizajes para Jóvenes y Adultas bRepública Dominicana, Santo Domingoc2012 a23/7/2013 8:58:02 a.m. c8493d8493